| 000 | 00902nam a22002414a 4500 | ||
|---|---|---|---|
| 005 | 2010081100240.0 | ||
| 010 | _aENG-99500 | ||
| 020 |
_c325.00 _a9788178242897 |
||
| 035 | _aEN-83032 | ||
| 037 | _bDBAD/PUB | ||
| 082 | _a339.46 | ||
| 100 |
_aCollins, Daryl _910826 |
||
| 245 |
_aPortfolios of the poor : _cby Daryl Collins...[et.al] _bhow the world's poor live on $ 2 a day / |
||
| 260 |
_aRanikhet _bPermanent Black _c2010 |
||
| 270 |
_aHimalayana, Mall Road, Ranikhet Cantt _e263645 _bRanikhet |
||
| 300 |
_aix, 283 p. _c20cm (Pbk) |
||
| 500 | _aIncludes bibliographical references and index | ||
| 650 |
_aHome economics _vAccounting _910827 |
||
| 650 |
_aMicro finance _vPoor _910828 |
||
| 700 | _910698 | ||
| 942 |
_2ddc _cEN _mCOL _h339.46 |
||
| 999 |
_c40940 _d40940 |
||